| 000 | 00460nam a2200169Ia 4500 | ||
|---|---|---|---|
| 003 | GCL | ||
| 008 | 140319s9999 xx 000 0 eng d | ||
| 040 |
_aGCL / _cGCL |
||
| 082 | 0 | 4 |
_a153.9 _bA I |
| 100 | 1 | _aANDERSON, MIKE | |
| 245 | 1 | 0 |
_aINTELLINGENCE AND DEVEIOPMENT: A COGNITIVE THEORY / _cANDERSON, MIKE |
| 260 |
_a[S.N] : _bBLACK WELL |
||
| 650 | 0 | 4 | _aCOGNITIVE PSYCHOLOGY |
| 650 | 0 | 4 | _aINTELLIGENCE |
| 650 | 0 | 4 | _aCOGNITIVE DEVELOPMENT |
| 942 |
_2ddc _cBK |
||
| 999 |
_c11329 _d11329 |
||